Peep Show Quiz 6 - Statistics

General Stats
  • This quiz has been taken 310 times
  • The average score is 8 of 15
Answer Stats
Hint Answer % Correct
How many kisses does Elena leave Jez, which he thinks is massive? 3
90%
Who blocked the toilet during the party? Jeff
84%
What spirit does Jez pretend to drink half a bottle of? Rum
78%
What language does Mark want to learn on Thursdays? Italian
72%
What household chore does Jez surprisingly agree to do for Elena? Iron
69%
What is the code word for the drugs? Lunch
66%
What football club does Mark’s driving instructor support? Tottenham
63%
What is the name of the Mexican restaurant Mark starts working at? Banditos
55%
Mark ‘randomly’ bumps into Dobby during what leisure activity? Laser Tag
54%
What county is Hastings in? Sussex
53%
What is the name of the JLB executive from Frankfurt? Stefan Strauss
42%
What does Mark hope Elena saw him holding in the lift? Ergonomic Management Keyboard
39%
How much does Mark pay Jez for his time at JLB? £14.50
21%
And what is the name of the Bakery? Impsons
20%
What trades were the Dutch Jews mainly involved in? Cigar and Diamond Cutting Industry
2%
No matching quizzes found
Score Distribution
Percent of People with Each Score
Percentile by Number Answered
Your Score History
You have not taken this quiz